| 000 | 00386nam a2200133Ia 4500 | ||
|---|---|---|---|
| 008 | 190926s9999||||xx |||||||||||||| ||und|| | ||
| 082 |
_a242 _bPAN/A |
||
| 100 | _aPandey, Umesh Chandra | ||
| 245 | 0 | _aApastamba Grihya Sutram: Commentary of Hardatta Mishra & Sudarsanacharya | |
| 250 | _a2 | ||
| 260 |
_aVaranasi _bChaukhambha Sanskrit Series Office _c1971 |
||
| 300 | _a456 | ||
| 942 | _cBK | ||
| 999 |
_c7890 _d7890 |
||